Non-Plural '-S' Words (A-Z) Quiz Stats

Quiz Updated Oct 17, 2012

Challenge
Share
Tweet
Embed
Score 0/26 Timer 03:00
4 Plays Today
Clue Answer % Correct
Thin thread important for dental hygieneFloss
94.5%
Someone possessing extraordinary intelligence or aptitudeGenius
88.7%
Female equivalent or wife of a dukeDuchess
88.4%
Home of Dorothy GaleKansas
84.2%
State of extreme happinessBliss
82.3%
Dictionary of synonymsThesaurus
81.6%
Very large city or urban areaMetropolis
80.8%
Deep or bottomless chasmAbyss
80.6%
Arctic marine mammal with prominent tusksWalrus
80.4%
Affirmative responseYes
80%
Female reproductive organUterus
79.4%
Second-brightest natural object in the night sky, after the MoonVenus
77.1%
Greek God of thunderZeus
76.9%
Clue Answer % Correct
Male donkeyJackass
76.1%
Australian egg-laying mammalPlatypus
75%
Koalas' food of choiceEucalyptus
74.6%
Enemy or source of great miseryNemesis
74.4%
Equal-sided parallelogramRhombus
73.2%
Anxiety or worryStress
71.8%
Oft-maligned Scottish food made from sheep's meatHaggis
71.2%
Long-legged wading birdIbis
59.7%
Statue of gigantic sizeColossus
51.1%
Egyptian God of the afterlifeOsiris
49.9%
King of the Achaemenid Empire, often known by the honorific title 'the Great'Xerxes
43.5%
French dialect found in Eastern CanadaQuebecois
34.4%
African species of water lily, usually white in colorLotus
23.4%

You're not logged in!

Compare scores with friends on all Sporcle quizzes.
Join for Free
OR
Log In

You Might Also Like...

Show Comments

Extras

Top Quizzes Today


Score Distribution

Your Account Isn't Verified!

In order to create a playlist on Sporcle, you need to verify the email address you used during registration. Go to your Sporcle Settings to finish the process.

Report this User

Report this user for behavior that violates our Community Guidelines.

Details: